00734cam a22002057a 4500003000500000005001700005008004100022010000900063011000900072035000900081040000900090110014100099245004700240260004600287300000900333490006800342650002800410650002200438830006800460CHAP20220329133231.0971013s1987 mx r 00010 spa d a3713 a4685 a3889 cCHAP1 aMéxico. Secretaría de Agricultura y Recursos Hidráulicos. Dirección General de Estudios, Información y Estadística Sectorial10aBeneficio de café, 1979c/ 80 a 1983, 84 aMéxico, D. F. :bLa Secretaría,c1987 a45 p 0aEstadísticas agroindustriales de los Estados Unidos Mexicanos14aCaféxEstadísticas.14aCaféxMéxico.0 aEstadísticas agroindustriales de los Estados Unidos Mexicanos